Normal view
MARC view
- Laurie, Alex
Entry Personal Name
001 - CONTROL NUMBER
- control field: 11066
003 - CONTROL NUMBER IDENTIFIER
- control field: OSt
005 - DATE AND TIME OF LATEST TRANSACTION
- control field: 20260226141811.0
008 - FIXED-LENGTH DATA ELEMENTS
- fixed length control field: 260226|| aca||aabn | a|a d
040 ## - CATALOGING SOURCE
- Original cataloging agency: OSt
- Transcribing agency: OSt
100 ## - HEADING--PERSONAL NAME
- Personal name: Laurie, Alex
670 ## - SOURCE DATA FOUND
- Source citation: Work cat.: (OSt)757129: Laurie, Alex, Floriculture fundamentals and practices /, c2024.
